Catálogo

Poema / (Registro nro. 54745)

Detalles MARC
000 -LEADER
fixed length control field 01319cam a2200361 i 4500
001 - CONTROL NUMBER
control field 54745
003 - CONTROL NUMBER IDENTIFIER
control field Mx-PuUPA
005 - DATE AND TIME OF LATEST TRANSACTION
control field 20240718094933.0
008 - FIXED-LENGTH DATA ELEMENTS--GENERAL INFORMATION
fixed length control field 140415s2007 sp gr 000 p spa d
017 ## - COPYRIGHT OR LEGAL DEPOSIT NUMBER
Copyright or legal deposit number B-6421-2007
020 ## - INTERNATIONAL STANDARD BOOK NUMBER
International Standard Book Number 9788441322031
040 ## - CATALOGING SOURCE
Description conventions rda
Language of cataloging spa
Transcribing agency Mx-PuUPA
Original cataloging agency Mx-PuUPA
Modifying agency Mx-PuUPA
041 1# - LANGUAGE CODE
Language code of text/sound track or separate title spa
Language code of original und
130 0# - MAIN ENTRY--UNIFORM TITLE
Uniform title Obras.
Form subheading Selecciones
245 10 - TITLE STATEMENT
Title Poema /
Statement of responsibility, etc. Parménides. Fragmentos / Heráclito ; traducción, José Antonio Miguez, Luis Farré
264 #1 - PRODUCTION, PUBLICATION, DISTRIBUTION, MANUFACTURE, AND COPYRIGHT NOTICE
Place of production, publication, distribution, manufacture Barcelona :
Name of producer, publisher, distributor, manufacturer Ediciones Folio,
Date of production, publication, distribution, manufacture, or copyright notice ©2007
300 ## - PHYSICAL DESCRIPTION
Extent 61 páginas ;
Dimensions 19 cm
336 ## - CONTENT TYPE
Content type term texto
Fuente rdacontent
Content type code txt
337 ## - MEDIA TYPE
Media type term sin medio
Source rdamedia
Media type code n
338 ## - CARRIER TYPE
Carrier type term volumen
Source rdacarrier
Carrier type code nc
490 0# - SERIES STATEMENT
Series statement Colección Grandes ! Ideas
500 ## - GENERAL NOTE
General note Colección dirigida por Joan-Carles Melich.
650 #7 - SUBJECT ADDED ENTRY--TOPICAL TERM
Topical term or geographic name entry element Filosofía griega
Source of heading or term armarc
700 12 - ADDED ENTRY--PERSONAL NAME
9 (RLIN) 4736
Personal name Parmenides,
Title of a work Παρμενίδη ποίημα.
Date of a work [Año de publicación no identificado].
Language of a work Español
700 12 - ADDED ENTRY--PERSONAL NAME
9 (RLIN) 4751
Personal name Heráclito, de Éfeso,
Title of a work The Fragments of Heraclitus.
Date of a work [Año de publicación no identificado].
Language of a work Español
700 1# - ADDED ENTRY--PERSONAL NAME
Personal name Miguez, José Antonio,
Relator term traductor
700 1# - ADDED ENTRY--PERSONAL NAME
Personal name Farré, Luis,
Relator term traductor
740 02 - ADDED ENTRY--UNCONTROLLED RELATED/ANALYTICAL TITLE
Uncontrolled related/analytical title Parménides
740 02 - ADDED ENTRY--UNCONTROLLED RELATED/ANALYTICAL TITLE
Uncontrolled related/analytical title Heráclito
942 ## - ADDED ENTRY ELEMENTS (KOHA)
Classification part 109
Item part P743
Koha item type Libro
Source of classification or shelving scheme Dewey Decimal Classification
Existencias
Withdrawn status Lost status Source of classification or shelving scheme Damaged status Not for loan Collection code Home library Current library Shelving location Date acquired Source of acquisition Total Checkouts Total Renewals Full call number Barcode Date last seen Date last checked out Price effective from Koha item type
    Dewey Decimal Classification     General Biblioteca Karol Wojtyla Biblioteca Karol Wojtyla Sala general 03/12/2013 Compra 7 3 109 P743 2007 82045 05/01/2026 19/03/2024 09/06/2017 Libro
    Dewey Decimal Classification     General Tehuacán Tehuacán Sala general 09/06/2017 Compra     109 P743 2007 968000002176 08/01/2025   09/06/2017 Libro